É isso ali (Record no. 161456)

MARC details
000 -LÍDER
campo de controle de tamanho fixo 00344 a2200169 4500
001 - NÚMERO DE CONTROLE
campo de controle 161456
020 ## - ISBN - INTERNATIONAL STANDARD BOOK NUMBER
ISBN - International Standard Book Number 85-16-03926-9
040 ## - FONTE DA CATALOGAÇÃO
Instituição que transcreveu o registro Magnum
100 ## - ENTRADA PRINCIPAL--NOME PESSOAL
Nome pessoal Paes, Jose Paulo
240 10 - TÍTULO UNIFORME
Título uniforme É isso ali
Idioma da obra por
245 10 - TÍTULO
Título É isso ali
300 ## - DESCRIÇÃO FÍSICA
Extensão 40
362 0# - DATAS DE PUBLICAÇÃO E/OU DESIGNAÇÃO SEQUENCIAL
Datas de publicação e/ou designação sequencial 2005
440 #1 - DECLARAÇÃO DE SÉRIE/ENTRADA ADICIONADA--TÍTULO
Título Salamandra
697 ## - ENTRADA DE ASSUNTO LOCAL--ENTIDADE COLETIVA (RLIN)
Nome corporativo ou nome da jurisdição LITERATURA INFANTO
942 ## - ELEMENTOS DE ENTRADA ADICIONADOS (KOHA)
Tipo de material Koha Livros
Holdings
Situação do descarte Situação das perdas Situação física Não pode ser emprestado Biblioteca de origem Biblioteca atual Data de aquisição Total de empréstimos Número de chamada completo Código de barras Data de último acesso Data do preço efetivo Tipo de material Koha
        Magnum Magnum 08/06/2024   869.2.1053 MAG00003903 08/06/2024 08/06/2024 Livros
        Magnum Magnum 08/06/2024   869.2.1053 MAG00003904 08/06/2024 08/06/2024 Livros
        Magnum Magnum 08/06/2024   869.2.1053 MAG00003906 08/06/2024 08/06/2024 Livros
        Magnum Magnum 08/06/2024   869.2.1053 MAG00003907 08/06/2024 08/06/2024 Livros